Současný stav a vývoj bodových polí : seminář s mezinárodní účastí k 105. výročí založení České vysoké školy technické v Brně : sborník referátů : Brno 3.2.2004

Korporativní autor: Vysoké učení technické v Brně. Ústav geodézie
Další autoři: Současný stav a vývoj bodových polí (seminář)
Jazyk: Slovenština
Polština
Čeština
Vydáno: Brno : ECON publishing, 2004
Vydání: 1. vyd.
Témata:
Externí odkaz: Digitalizovaný dokument
Fyzický popis: 107 s. : il., mapy ; 30 cm
Knihy
Uloženo v:
LEADER 01809nam a2200385 a 4500
001 000710702
003 CZ BrMZK
005 20081209130443.0
007 ta
008 040406s2004 xr ab e 100 0 cze d
015 |a cnb001310717 
020 |a 80-86433-29-3  |q (brož.) 
035 |a (OCoLC)85100463 
040 |a BOA001  |b cze 
041 0 |a cze  |a slo  |a pol 
072 7 |a 528  |x Geodezie. Kartografie  |2 Konspekt  |9 7 
080 |a 528  |2 MRF 
080 |a (062.534)  |2 MRF 
111 2 |a Současný stav a vývoj bodových polí (seminář)  |d (2004 :  |c Brno, Česko)  |7 kn20040601018 
245 1 0 |a Současný stav a vývoj bodových polí :  |b seminář s mezinárodní účastí k 105. výročí založení České vysoké školy technické v Brně : sborník referátů : Brno 3.2.2004 
246 3 3 |a Seminář s mezinárodní účastí k 105. výročí založení České vysoké školy technické v Brně Současný stav a vývoj bodových polí 
250 |a 1. vyd. 
260 |a Brno :  |b ECON publishing,  |c 2004 
300 |a 107 s. :  |b il., mapy ;  |c 30 cm 
500 |a Text též slovensky a polsky 
500 |a Nad názvem: Vysoké učení technické v Brně, Fakulta stavební, Ústav geodézie 
504 |a Obsahuje bibliografie 
650 0 7 |a geodezie  |7 ph114613  |2 czenas 
655 7 |a sborníky konferencí  |7 fd133333  |2 czenas 
710 2 |a Vysoké učení technické v Brně.  |b Ústav geodézie  |7 kn20030702012 
856 4 1 |u http://www.digitalniknihovna.cz/mzk/uuid/uuid:a4ee7b70-7c1b-11e2-b930-005056827e51  |y Digitalizovaný dokument  |x NDK 
910 |a BOA001  |b 4-1133.651 
990 |a BK 
996 6 |b 2610217186  |c 4-1133.651  |l MZK  |r Sklad / do 1 hodiny  |n 0  |p p.v.  |w 000710702  |u 000010  |a 1  |e BOA001  |j MZK50  |s P 
996 7 |b 2610217187  |c 4-1133.651  |l MZK  |r Sklad / do 1 hodiny  |n 4  |p p.v.  |w 000710702  |u 000020  |a 1  |e BOA001  |j MZK50  |s A